1482 1789 1317 1227 1131 1418 1666 1817 1022 1403 1327 1339 1992 1571 1377 1116 1083 1574 1846 1769 1122 1647 1170 1945 1380 1005 1452 1178 1352 1395 1951 1589 1417 1434 1965 1240 1390 1874 1350 1754 1165 1437 1104 1060 1365 1185 1969 1349 1938 1649 1986 1989 1776 1938 1680 1855 1450 1463 1907 1011 1981 1587 1971 1335 1719 1810 1873 1080 1660 1773 1709 1186 1920 1714 1173 1097 1922 1102 1620 1801 1421 1042 1408 1942 1140 1408 1343 1007 1243 1087 1447 1571 1870 1261 1110 1829 1672 1826 1994 BCNSPRNW ULIB Ver.6.0+V

เปลี่ยนเป็นภาษาไทย

Change to English
 แสดงรายละเอียดบรรณานุกรม
  กลับหน้าหลัก

Brief Record : Get Marc (ISO 2709) : E-mail record : QR code < ปิดหน้าต่าง
LEADER : 00000nam 2200000uu 4500
001    13399120530
003     ULIB
008    060907s2548 th a 000 0 tha d
020    ^a9745069701
040    ^abrv
060 04 ^aWB537^bก522 2548
245 00 ^aการส่งเสริมพัฒนาการนวดพื้นบ้านในการดูแลสุขภาพและเสริมสร้างรายได้ชุมชน /^cบรรณาธิการ, ดารณี อ่อนชมจันทร์
250    ^aพิมพ์ครั้งที่ 1
260    ^aนนทบุรี :^bกลุ่มงานการแพทย์พื้นบ้านไทยกรมพัฒนาการแพทย์แผนไทยและการแพทย์ทางเลือก กระทรวงสาธารณสุข,^c2548
300    ^aก-ง, 152 หน้า :^bภาพประกอบ ;^c21 ซม
440  0 ^aชุดภูมิปัญญาพื้นบ้านด้านสุขภาพ ;^v10
500    ^aSend to Single Search
650  4 ^aการนวด^zไทย
700 0  ^aดารณี อ่อนชมจันทร์,^eบรรณาธิการ
710 2  ^aกรมพัฒนาการแพทย์แผนไทยและการแพทย์ทางเลือก.^bกลุ่มงานการแพทย์พื้นบ้านไทย
945    ^p0^l0^i24229
995    ^aกัณชพร
999    ^aใช้งานได้ทุกระบบ
รายการนี้ยังไม่มีแท็ก
คุณยังไม่ได้ล็อกอิน คุณสามารถมีกิจกรรมร่วมกับเว็บไซต์ได้ แต่ต้องล็อกอินก่อน ::
  ล็อกอิน

รายการสื่อสารสนเทศ

ลำดับที่ ประเภท เลขเรียก/บาร์โค้ด สถานที่ สถานะ
- ไม่พบข้อมูล -

BibComment


ยังไม่เคยถูกคอมเมนท์

คอมเมนท์ทรัพยากรรายการนี้
  คอมเมนท์: การส่งเสริมพัฒนา..


 Copyright 2026. Bcnsprnw @Library